Dizajn s prihliadnutím na ľudské telo a myseľ / dizajn ako terapia

Gespeichert in:
Bibliographische Detailangaben
1. Verfasser: Kotradyová, Veronika, 1974- (Verfasst von)
Format: Manuskript Buch
Sprache:Slowakisch
Veröffentlicht: Bratislava : STU v Bratislave FA, 2010
Schlagworte:
Online-Zugang:CRZP
Tags: Tag hinzufügen
Keine Tags, Fügen Sie das erste Tag hinzu!

MARC

LEADER 00000ntm a22000003a 4500
001 stu214376
005 20230323080107.3
008 101026s2010------------------------slo-d
040 |a STU  |b slo 
041 0 |a slo 
100 1 |a Kotradyová, Veronika,  |d 1974-  |4 aut  |u A5150  |9 100  |U FAD Fakulta architektúry  |T FA Ústav interiéru a výstavníctva  |X 344  |U A5150  |Y 396  |7 A000000344 
245 1 |a Dizajn s prihliadnutím na ľudské telo a myseľ / dizajn ako terapia 
260 |a Bratislava :  |b STU v Bratislave FA,  |c 2010 
300 |a 121 
650 7 |a dizajn výrobkov  |2 stusub 
650 7 |a humanizácia architektúry  |2 stusub 
856 4 0 |u https://opac.crzp.sk/?fn=detailBiblioForm&sid=B50A34AFD91B44707743A6E6C486  |3 CRZP 
996 |b 284AB01081  |c A*7756 V  |l AAKNST  |s P  |a 0  |w stu214376_0001